00876 a2200193 4500020001500000040001300015100002800028245015900056246007900215260005000294300003400344650003400378650004200412650003000454700002500484700001900509710004000528856011400568 a0470029803 aDLCbDLC1 aGraham, Adrian William.10aMobile radio network design in the VHF and UHF bands: a practical approachba practical approach cAdrian W. Graham, Nicholas C. Kirkman and Peter M. Paul3 aMobile radio network design in the VHF and UHF bands [electronic resource] aChichester :bJohn Wiley and Sons Ltd,c2007. axxi, 399 p. :bill. ;c26 cm. 0aMobile communications system. 0aRadioxTransmitters and transmission. 0aTelecommunication system.1 aKirkman, Nicholas C.1 aPaul, Peter M.2 aWiley InterScience (Online service)41uhttp://libproxy1.nus.edu.sg/login?url=http://www3.interscience.wiley.com/cgi-bin/homepage/?isbn=9780470059128